[Event "Polofinale MCR junioru 2013"]
[Site "Havlickuv Brod - hotel Slunce"]
[Date "2013.11.18"]
[Round "2.1"]
[White "Kraus, Tomas"]
[Black "Kozusek, Daniel"]
[Result "1/2-1/2"]
[WhiteElo "2346"]
[BlackElo "2085"]
[PlyCount "68"]
[EventDate "2013.11.17"]

1. Nf3 Nf6 2. g3 d5 3. Bg2 g6 4. O-O Bg7 5. c4 dxc4 6. Qa4+ Nbd7 7. Qxc4 O-O 8.
Nc3 Nb6 9. Qb3 Be6 10. Qc2 h6 11. d4 Nbd5 12. e4 Nxc3 13. bxc3 Bc4 14. Rd1 c5
15. e5 Nd5 16. e6 fxe6 17. Ne5 Bxe5 18. dxe5 Kg7 19. Re1 Qe8 20. a4 Qf7 21. f4
Rad8 22. Be4 b6 23. Ra3 Nc7 24. Be3 Rd7 25. Bc6 Bd3 26. Qc1 Rdd8 27. c4 Qf5 28.
Bf3 h5 29. Be2 Na6 30. a5 Nb4 31. axb6 axb6 32. Ra7 Kf7 33. Rd1 Rfe8 34. Qc3
Bxc4 1/2-1/2

[Event "Polofinale MCR junioru 2013"]
[Site "Havlickuv Brod - hotel Slunce"]
[Date "2013.11.18"]
[Round "2.2"]
[White "Toman, Ondrej"]
[Black "Rabatin, Jakub"]
[Result "1/2-1/2"]
[WhiteElo "2080"]
[BlackElo "2243"]
[PlyCount "65"]
[EventDate "2013.11.17"]

1. e4 c5 2. Nf3 e6 3. d4 cxd4 4. Nxd4 Nf6 5. Bd3 Nc6 6. Be3 d5 7. Nd2 e5 8.
Nxc6 bxc6 9. c3 Be7 10. Qa4 Bd7 11. exd5 cxd5 12. Bb5 a6 13. Bxd7+ Qxd7 14.
Qxd7+ Kxd7 15. O-O-O Kc6 16. Bg5 h6 17. Bxf6 Bxf6 18. c4 d4 19. f4 exf4 20.
Rhf1 Rhe8 21. Rxf4 Re2 22. Nf3 Rxg2 23. Rd2 Rxd2 24. Kxd2 d3 25. Nd4+ Kc5 26.
Kxd3 Rd8 27. a3 a5 28. Rf5+ Kb6 29. Rb5+ Kc7 30. Rc5+ Kb6 31. Rb5+ Ka6 32. Rd5
Rxd5 33. cxd5 1/2-1/2

[Event "Polofinale MCR junioru 2013"]
[Site "Havlickuv Brod - hotel Slunce"]
[Date "2013.11.18"]
[Round "2.3"]
[White "Balacek, Tadeas"]
[Black "Hrdina, Robin"]
[Result "1/2-1/2"]
[WhiteElo "2201"]
[BlackElo "2080"]
[PlyCount "45"]
[EventDate "2013.11.17"]

1. Nf3 Nf6 2. c4 e6 3. g3 d5 4. b3 c6 5. Bg2 Nbd7 6. O-O Bd6 7. Bb2 O-O 8. d4
Qe7 9. Nbd2 Rd8 10. Qc2 e5 11. cxd5 e4 12. Nh4 cxd5 13. Nf5 Qf8 14. Nxd6 Qxd6
15. a4 Nf8 16. Ba3 Qa6 17. Bxf8 Rxf8 18. Rfc1 Bf5 19. Nf1 Rac8 20. Qd2 Qe6 21.
Ne3 b6 22. a5 Ng4 23. Nxg4 1/2-1/2

[Event "Polofinale MCR junioru 2013"]
[Site "Havlickuv Brod - hotel Slunce"]
[Date "2013.11.18"]
[Round "2.4"]
[White "Kratochvil, Vit"]
[Black "Szotkowski, Jakub"]
[Result "0-1"]
[WhiteElo "2040"]
[BlackElo "2183"]
[PlyCount "66"]
[EventDate "2013.11.17"]

1. e4 c5 2. Nf3 e6 3. c4 Nc6 4. Nc3 Nd4 5. Nxd4 cxd4 6. Ne2 e5 7. d3 Nf6 8. Qa4
Qb6 9. a3 Be7 10. f4 O-O 11. fxe5 Ng4 12. Nf4 Qh6 13. g3 Nxe5 14. Be2 Qc6 15.
Qb3 d6 16. Nd5 Bd8 17. Bd2 Bh3 18. Nf4 Bd7 19. Rc1 a5 20. O-O a4 21. Qd1 Ba5
22. Nd5 Kh8 23. Bxa5 Rxa5 24. Qe1 Raa8 25. Qb4 Bh3 26. Rf4 f5 27. exf5 Rxf5 28.
Rxf5 Bxf5 29. Qd2 Bxd3 30. Nb4 Bxe2 31. Nxc6 Nf3+ 32. Kf2 Nxd2 33. Kxe2 Nb3 0-1

[Event "Polofinale MCR junioru 2013"]
[Site "Havlickuv Brod - hotel Slunce"]
[Date "2013.11.18"]
[Round "2.5"]
[White "Haman, Jakub"]
[Black "Cap, Adam"]
[Result "1/2-1/2"]
[WhiteElo "2182"]
[BlackElo "2075"]
[PlyCount "20"]
[EventDate "2013.11.17"]

1. c4 e5 2. Nc3 Nc6 3. g3 f5 4. Bg2 Nf6 5. e3 g6 6. Nge2 Bg7 7. O-O d6 8. d3
O-O 9. a3 a5 10. Nd5 Be6 1/2-1/2

[Event "Polofinale MCR junioru 2013"]
[Site "Havlickuv Brod - hotel Slunce"]
[Date "2013.11.18"]
[Round "2.6"]
[White "Ptacek, Tomas"]
[Black "Nguyen, Thai Dai Van"]
[Result "1/2-1/2"]
[WhiteElo "2024"]
[BlackElo "2176"]
[PlyCount "61"]
[EventDate "2013.11.17"]

1. d4 Nf6 2. c4 g6 3. f3 d5 4. cxd5 Nxd5 5. e4 Nb6 6. Nc3 Bg7 7. Be3 O-O 8. Qd2
Nc6 9. O-O-O Qd6 10. h4 Rd8 11. Nb5 Qd7 12. h5 a6 13. Nc3 Nxd4 14. hxg6 fxg6
15. Qf2 e5 16. Qh4 Bh8 17. f4 exf4 18. Bxd4 Bxd4 19. Nd5 c6 20. Rxd4 cxd5 21.
Ne2 Qc7+ 22. Kb1 Rf8 23. exd5 Bf5+ 24. Ka1 Rac8 25. Nc3 Rfe8 26. Bd3 Bxd3 27.
Rxd3 Qf7 28. Rd4 Rc4 29. Rhd1 Rxd4 30. Rxd4 Qe7 31. Qxf4 1/2-1/2

[Event "Polofinale MCR junioru 2013"]
[Site "Havlickuv Brod - hotel Slunce"]
[Date "2013.11.18"]
[Round "2.7"]
[White "Machan, Jan"]
[Black "Marek, Matyas"]
[Result "1/2-1/2"]
[WhiteElo "2144"]
[BlackElo "2017"]
[PlyCount "29"]
[EventDate "2013.11.17"]

1. d4 Nf6 2. Nf3 g6 3. c4 Bg7 4. Nc3 d6 5. g3 O-O 6. Bg2 Nc6 7. O-O Bf5 8. Be3
e5 9. dxe5 dxe5 10. Qb3 Qc8 11. Rfd1 Qe8 12. Nd5 Ng4 13. Nb4 Nxe3 14. Qxe3 Nd4
15. Nxd4 1/2-1/2

[Event "Polofinale MCR junioru 2013"]
[Site "Havlickuv Brod - hotel Slunce"]
[Date "2013.11.18"]
[Round "2.8"]
[White "Kozel, Jiri"]
[Black "Rubes, Jan"]
[Result "0-1"]
[WhiteElo "2014"]
[BlackElo "2142"]
[PlyCount "54"]
[EventDate "2013.11.17"]

1. e4 e5 2. f4 d5 3. exd5 e4 4. Nc3 Nf6 5. Qe2 Bf5 6. Qb5+ Nbd7 7. Nge2 a6 8.
Qa4 b5 9. Qa5 Bc5 10. Ng3 g6 11. b4 Bb6 12. Qa3 Ng4 13. Ncxe4 Bxe4 14. Nxe4 Qe7
15. Qf3 f5 16. Be2 Qxb4 17. h3 Ne3 18. Bd3 fxe4 19. Bxe4 Nf6 20. c4 Qxc4 21.
Bb2 Nxe4 22. dxe3 Ba5+ 23. Kd1 Qd3+ 24. Kc1 Bd2+ 25. Kd1 Bc3+ 26. Kc1 Qd2+ 27.
Kb1 Qxb2# 0-1

[Event "Polofinale MCR junioru 2013"]
[Site "Havlickuv Brod - hotel Slunce"]
[Date "2013.11.18"]
[Round "2.9"]
[White "Starek, Stanislav"]
[Black "Alfimov, Igor"]
[Result "1-0"]
[WhiteElo "2135"]
[BlackElo "2008"]
[PlyCount "45"]
[EventDate "2013.11.17"]

1. e4 e5 2. Nf3 Nc6 3. d4 exd4 4. Nxd4 Bc5 5. Be3 Qf6 6. c3 Nge7 7. Bc4 Ne5 8.
Be2 Qg6 9. O-O d6 10. f4 Qxe4 11. Bf2 Qxf4 12. Nb5 Ng4 13. Bxg4 Bxg4 14. Bxc5
Bxd1 15. Rxf4 Nd5 16. Re4+ Kd7 17. Rd4 Bh5 18. Rxd5 Kc6 19. Rf5 Bg6 20. Nd4+
Kd7 21. Rd5 Be4 22. Rg5 dxc5 23. Rxg7 1-0

[Event "Polofinale MCR junioru 2013"]
[Site "Havlickuv Brod - hotel Slunce"]
[Date "2013.11.18"]
[Round "2.10"]
[White "Stachon, Martin"]
[Black "Skalicky, Tomas"]
[Result "1-0"]
[WhiteElo "2113"]
[BlackElo "1989"]
[PlyCount "83"]
[EventDate "2013.11.17"]

1. e4 c5 2. Nf3 d6 3. Bb5+ Bd7 4. Bxd7+ Qxd7 5. c4 Nf6 6. Nc3 Nc6 7. d4 Nxd4 8.
Nxd4 cxd4 9. Qxd4 g6 10. Bg5 Bg7 11. Nd5 O-O 12. Bxf6 Bxf6 13. Nxf6+ exf6 14.
O-O Qe6 15. Rad1 Rfd8 16. b3 b6 17. Rd3 Rd7 18. Rfd1 Re8 19. f3 f5 20. Re1 Qe5
21. Qxe5 Rxe5 22. Kf2 fxe4 23. Rxe4 Re6 24. Rd2 Kf8 25. Ke3 Rde7 26. Rdd4 f5
27. Rxe6 Rxe6+ 28. Kd2 Ke7 29. Rd3 Kd7 30. Re3 Re5 31. f4 Rc5 32. Kd3 d5 33.
cxd5 Rxd5+ 34. Kc3 Rd1 35. Rd3+ Rxd3+ 36. Kxd3 Kc6 37. Kc4 h6 38. g3 a5 39. a3
h5 40. h3 Kd6 41. Kb5 Kd5 42. h4 1-0

[Event "Polofinale MCR junioru 2013"]
[Site "Havlickuv Brod - hotel Slunce"]
[Date "2013.11.18"]
[Round "2.11"]
[White "Chmel, Kristian"]
[Black "Petr, Jan"]
[Result "0-1"]
[WhiteElo "2002"]
[BlackElo "2112"]
[PlyCount "42"]
[EventDate "2013.11.17"]

1. d4 Nf6 2. c4 c5 3. d5 b5 4. cxb5 a6 5. b6 Qxb6 6. Nc3 g6 7. g3 d6 8. Bg2 Bg7
9. Nf3 O-O 10. O-O a5 11. Qc2 Na6 12. a3 Nc7 13. Nd2 Ba6 14. Re1 Rab8 15. Rb1
Qb7 16. e4 Ng4 17. Bf1 f5 18. exf5 Bd4 19. Rxe7 Rxf5 20. Rxc7 Qxc7 21. Bxa6
Rxf2 0-1

[Event "Polofinale MCR junioru 2013"]
[Site "Havlickuv Brod - hotel Slunce"]
[Date "2013.11.18"]
[Round "2.12"]
[White "Horak, Ales"]
[Black "Slampa, Jan"]
[Result "0-1"]
[WhiteElo "1988"]
[BlackElo "2097"]
[PlyCount "50"]
[EventDate "2013.11.17"]

1. e4 c5 2. Nf3 d6 3. d4 cxd4 4. Nxd4 Nf6 5. Nc3 a6 6. Bg5 Nbd7 7. Bd3 b5 8.
O-O Bb7 9. Qe2 e6 10. Kh1 Be7 11. Rae1 O-O 12. Bd2 Nc5 13. a3 d5 14. exd5 Nxd5
15. Ne4 Nxd3 16. Qxd3 Qc7 17. Bg5 Nf4 18. Qg3 Bxg5 19. Qxg5 f5 20. g3 h6 21.
Qxf4 e5 22. Ne6 Qd6 23. Qf3 fxe4 24. Qg4 Rf7 25. b4 Bc8 0-1

[Event "Polofinale MCR junioru 2013"]
[Site "Havlickuv Brod - hotel Slunce"]
[Date "2013.11.18"]
[Round "2.13"]
[White "Vykouk, Jan"]
[Black "Kaluzny, Matyas"]
[Result "1-0"]
[WhiteElo "2090"]
[BlackElo "1985"]
[PlyCount "53"]
[EventDate "2013.11.17"]

1. e4 c5 2. Nf3 Nc6 3. d4 cxd4 4. Nxd4 g6 5. Nc3 Bg7 6. Be3 Nf6 7. Bc4 O-O 8.
Bb3 a5 9. O-O a4 10. Nxa4 Nxe4 11. Nb5 Ra6 12. c4 d6 13. Qe2 Bf5 14. Rad1 Qa5
15. f3 Nf6 16. Bd2 Qd8 17. Bc3 Na5 18. Kh1 Nxb3 19. axb3 Bd7 20. Rfe1 e6 21.
Bb4 Nh5 22. Qf2 Be5 23. Rxe5 dxe5 24. Bxf8 Kxf8 25. Nc5 Ra2 26. Nxd7+ Kg7 27.
Nc3 1-0

[Event "Polofinale MCR junioru 2013"]
[Site "Havlickuv Brod - hotel Slunce"]
[Date "2013.11.18"]
[Round "2.14"]
[White "Hajek, Oskar"]
[Black "Pulpan, Jakub"]
[Result "0-1"]
[WhiteElo "1920"]
[BlackElo "2089"]
[PlyCount "140"]
[EventDate "2013.11.17"]

1. e4 c5 2. Nf3 Nc6 3. Bb5 g6 4. Bxc6 dxc6 5. h3 Bg7 6. d3 Nh6 7. O-O f6 8. Nc3
e5 9. Be3 b6 10. Qd2 Nf7 11. Rae1 O-O 12. Nh2 Be6 13. b3 Qd7 14. f4 exf4 15.
Bxf4 Ne5 16. Ne2 Rae8 17. Bh6 Re7 18. Bxg7 Rxg7 19. Nf3 Nxf3+ 20. Rxf3 Rgf7 21.
Ref1 f5 22. exf5 Rxf5 23. Rxf5 Rxf5 24. Rxf5 Bxf5 25. Qf4 Qe7 26. Kf2 Kg7 27.
Ng3 Be6 28. Ne4 Bd5 29. Ke3 a5 30. Qb8 b5 31. Qb6 Bxe4 32. dxe4 Qd6 33. Kf3
Qf6+ 34. Ke2 Qc3 35. Qc7+ Kh6 36. Qf4+ Kg7 37. Qc7+ Kh6 38. Qf4+ Kg7 39. Qd2
Qxd2+ 40. Kxd2 Kf6 41. h4 Ke5 42. Ke3 h6 43. a4 c4 44. g4 g5 45. h5 bxa4 46.
bxa4 c3 47. Kd3 Kf4 48. Kd4 Kxg4 49. Ke5 Kf3 50. Kf5 g4 51. e5 g3 52. e6 g2 53.
e7 g1=Q 54. e8=Q Qg5+ 55. Ke6 Qe3+ 56. Kd7 Qxe8+ 57. Kxe8 Kg4 58. Kd7 Kxh5 59.
Kxc6 Kg4 60. Kb5 h5 61. Kxa5 h4 62. Kb4 h3 63. Kxc3 h2 64. Kb4 h1=Q 65. a5 Qb7+
66. Kc5 Qc7+ 67. Kb5 Qxc2 68. Kb6 Qc8 69. Ka7 Qc5+ 70. Ka6 Qb4 0-1

[Event "Polofinale MCR junioru 2013"]
[Site "Havlickuv Brod - hotel Slunce"]
[Date "2013.11.18"]
[Round "2.15"]
[White "Braun, Marek"]
[Black "Strnad, Jakub"]
[Result "1/2-1/2"]
[WhiteElo "2229"]
[BlackElo "1772"]
[PlyCount "86"]
[EventDate "2013.11.17"]

1. d4 d5 2. c4 e6 3. Nc3 Nf6 4. Bg5 Nbd7 5. cxd5 exd5 6. e3 Be7 7. Qc2 c6 8.
Bd3 O-O 9. Nf3 Re8 10. h3 Nf8 11. Bf4 Ng6 12. Bh2 Bd6 13. Bxd6 Qxd6 14. O-O-O
b5 15. Kb1 a5 16. g4 a4 17. Rc1 Ba6 18. Rhd1 Nd7 19. Ne2 Rec8 20. e4 b4 21.
Bxa6 Rxa6 22. exd5 Qxd5 23. Rd3 b3 24. Qc4 bxa2+ 25. Kxa2 Qa5 26. Ra3 Nb6 27.
Qc5 Nd5 28. Qxa5 Rxa5 29. Rc4 Rca8 30. Nd2 R5a6 31. Ne4 Nge7 32. Nc5 Nb6 33.
Rc1 R6a7 34. Nf4 g6 35. Ne4 Kg7 36. f3 Rd8 37. Ne2 Ned5 38. Kb1 Ne7 39. h4 Rc7
40. Nc5 Ra7 41. Kc2 Ned5 42. Kd2 Re8 43. Ne4 Rd7 1/2-1/2

[Event "Polofinale MCR junioru 2013"]
[Site "Havlickuv Brod - hotel Slunce"]
[Date "2013.11.18"]
[Round "2.16"]
[White "Gregor, Jiri"]
[Black "Dobes, Vojtech"]
[Result "0-1"]
[WhiteElo "1553"]
[BlackElo "2116"]
[PlyCount "60"]
[EventDate "2013.11.17"]

1. d4 Nf6 2. Nf3 e6 3. Bf4 b6 4. e3 Bb7 5. h3 c5 6. c3 Be7 7. Bd3 O-O 8. O-O
Nc6 9. Nbd2 Nd5 10. Bg3 f5 11. e4 fxe4 12. Bxe4 Nf6 13. dxc5 bxc5 14. Qe2 Nxe4
15. Nxe4 Qb6 16. Qc2 h6 17. Nd6 Bxd6 18. Bxd6 Rxf3 19. gxf3 Nd4 20. cxd4 Qxd6
21. dxc5 Qf4 22. Qd3 Rf8 23. Qe3 Qh4 24. f4 Rxf4 25. Qg3 Qf6 26. Kh2 h5 27.
Rae1 h4 28. Qe3 Rf3 29. Qe5 Rxf2+ 30. Kg1 Rxf1+ 0-1

[Event "Polofinale MCR junioru 2013"]
[Site "Havlickuv Brod - hotel Slunce"]
[Date "2013.11.18"]
[Round "2.17"]
[White "Walek, Petr"]
[Black "Melichar, Vojtech"]
[Result "1/2-1/2"]
[WhiteElo "2099"]
[BlackElo "1939"]
[PlyCount "48"]
[EventDate "2013.11.17"]

1. e4 c5 2. Nf3 Nc6 3. c4 e5 4. Nc3 g6 5. g3 Bg7 6. Bg2 Nge7 7. d3 d6 8. a3 Be6
9. Rb1 a5 10. Bd2 O-O 11. O-O h6 12. Nd5 f5 13. b4 axb4 14. axb4 fxe4 15. dxe4
b6 16. b5 Nd4 17. Nxd4 exd4 18. Ra1 Nxd5 19. Rxa8 Qxa8 20. exd5 Bd7 21. Qb3 Qe8
22. Rb1 Kh7 23. f4 Qe7 24. Ra1 Rc8 1/2-1/2

[Event "Polofinale MCR junioru 2013"]
[Site "Havlickuv Brod - hotel Slunce"]
[Date "2013.11.18"]
[Round "2.18"]
[White "Tuma, Jan"]
[Black "Riha, Jaroslav"]
[Result "1/2-1/2"]
[WhiteElo "1817"]
[BlackElo "2028"]
[PlyCount "78"]
[EventDate "2013.11.17"]

1. e4 d6 2. d4 Nf6 3. Nc3 g6 4. Nge2 c6 5. g3 Bg7 6. Bg2 O-O 7. O-O Nbd7 8. h3
Qc7 9. Be3 a6 10. a4 b6 11. Re1 Bb7 12. b3 Rfe8 13. g4 e5 14. d5 cxd5 15. exd5
Rac8 16. g5 Nh5 17. Ne4 f5 18. gxf6 Ndxf6 19. N2g3 Nxe4 20. Nxe4 Nf4 21. c4
Nxg2 22. Kxg2 h6 23. Qg4 Kh7 24. Rg1 Rcd8 25. Kh2 Qf7 26. Qh4 Qf5 27. Ng5+ Kg8
28. Ne6 Rd7 29. Rg2 Rxe6 30. dxe6 Qxe6 31. Rg3 g5 32. Qh5 e4 33. Rag1 Be5 34.
h4 Rg7 35. R1g2 g4 36. Bxh6 Rh7 37. Qg5+ Kf7 38. Qh5+ Kg8 39. Qg5+ Kf7 1/2-1/2

[Event "Polofinale MCR junioru 2013"]
[Site "Havlickuv Brod - hotel Slunce"]
[Date "2013.11.18"]
[Round "2.19"]
[White "Nosek, Jan"]
[Black "Seidl, Stepan"]
[Result "1-0"]
[WhiteElo "1717"]
[BlackElo "2212"]
[PlyCount "73"]
[EventDate "2013.11.17"]

1. d4 Nf6 2. c4 e6 3. Nf3 b6 4. g3 Bb4+ 5. Bd2 Be7 6. Bg2 Bb7 7. Nc3 O-O 8. Bg5
d6 9. Bxf6 Bxf6 10. O-O Nd7 11. e3 g6 12. Rc1 Bg7 13. Qe2 Qe7 14. Rfd1 a5 15.
Nd2 Bxg2 16. Kxg2 a4 17. f4 c6 18. Nf3 Ra5 19. e4 Rb8 20. a3 b5 21. cxb5 cxb5
22. e5 d5 23. Qc2 Nb6 24. b3 Rc8 25. Qd3 Qd7 26. b4 Raa8 27. Qxb5 Qxb5 28. Nxb5
Bf8 29. Rc5 Nc4 30. Kf2 Rcb8 31. Nc3 Rxb4 32. Rb5 Rb8 33. Rxb8 Rxb8 34. Rb1
Rb2+ 35. Rxb2 Nxb2 36. Ke2 Bb4 37. Nb1 1-0

[Event "Polofinale MCR junioru 2013"]
[Site "Havlickuv Brod - hotel Slunce"]
[Date "2013.11.18"]
[Round "2.20"]
[White "Kamarad, Frantisek"]
[Black "Hanl, Frantisek"]
[Result "1-0"]
[WhiteElo "1713"]
[BlackElo "1969"]
[PlyCount "44"]
[EventDate "2013.11.17"]

1. e4 c5 2. Nf3 Nc6 3. d3 d6 4. g3 g6 5. Bg2 Bg7 6. O-O Nf6 7. Nbd2 O-O 8. Re1
e5 9. Nf1 Nd4 10. Ne3 Rb8 11. c3 Nxf3+ 12. Qxf3 Ne8 13. Ng4 b5 14. Nh6+ Bxh6
15. Bxh6 Ng7 16. Rad1 f5 17. Qe3 b4 18. d4 bxc3 19. bxc3 exd4 20. cxd4 Rb2 21.
e5 Rc2 22. dxc5 Re8 1-0

[Event "Polofinale MCR junioru 2013"]
[Site "Havlickuv Brod - hotel Slunce"]
[Date "2013.11.18"]
[Round "2.21"]
[White "Chromik, Tomas"]
[Black "Cermak, Jan"]
[Result "1-0"]
[WhiteElo "1940"]
[BlackElo "1685"]
[PlyCount "28"]
[EventDate "2013.11.17"]

1. d4 d5 2. c4 Nc6 3. Nf3 Bg4 4. e3 e6 5. Nc3 Bb4 6. cxd5 exd5 7. Nd2 Nf6 8. h3
Ba5 9. Bb5 Qd6 10. Qa4 Bf3 11. gxf3 Kd7 12. Bxc6+ bxc6 13. a3 Bxc3 14. bxc3 Qe6
1-0

[Event "Polofinale MCR junioru 2013"]
[Site "Havlickuv Brod - hotel Slunce"]
[Date "2013.11.18"]
[Round "2.22"]
[White "Sucharda, David"]
[Black "Wagner, Vojtech"]
[Result "0-1"]
[WhiteElo "1712"]
[BlackElo "1887"]
[PlyCount "46"]
[EventDate "2013.11.17"]

1. d4 d5 2. Nf3 Nf6 3. Bg5 e6 4. e3 c6 5. Nbd2 Nbd7 6. Bd3 Bd6 7. O-O O-O 8. c4
e5 9. dxe5 Nxe5 10. Nxe5 Bxe5 11. Qc2 h6 12. Bh4 Bxh2+ 13. Kh1 Bc7 14. Nf3 Bg4
15. Nd4 dxc4 16. Bxc4 Qd6 17. Bg3 Qe7 18. Bxc7 Qxc7 19. b4 Qe5 20. Kg1 Kh8 21.
Rae1 Rad8 22. Qb3 Bh5 23. Ne2 Ne4 0-1

[Event "Polofinale MCR junioru 2013"]
[Site "Havlickuv Brod - hotel Slunce"]
[Date "2013.11.18"]
[Round "2.23"]
[White "Liska, Jiri"]
[Black "Danhel, Lukas"]
[Result "1-0"]
[WhiteElo "1865"]
[BlackElo "1670"]
[PlyCount "65"]
[EventDate "2013.11.17"]

1. Nf3 c5 2. g3 g6 3. Bg2 Bg7 4. O-O Nf6 5. c4 O-O 6. d4 d6 7. Nc3 Na6 8. a3
Nc7 9. Qb3 Rb8 10. dxc5 dxc5 11. Bf4 Bf5 12. Nb5 Nxb5 13. Bxb8 Qxb8 14. Qxb5 b6
15. Rad1 Ne4 16. Nd2 Nd6 17. Qb3 Rd8 18. e4 Be6 19. Qc2 Bd4 20. Rfe1 Bg4 21.
Bf3 Bxf3 22. Nxf3 e5 23. b4 Qc8 24. Nxd4 cxd4 25. Rc1 Qc6 26. a4 Rc8 27. c5 Nb7
28. Qb2 bxc5 29. bxc5 Nxc5 30. Rc4 Kg7 31. Rec1 Nxa4 32. Rxc6 Nxb2 33. Rxc8 1-0

[Event "Polofinale MCR junioru 2013"]
[Site "Havlickuv Brod - hotel Slunce"]
[Date "2013.11.18"]
[Round "2.24"]
[White "Solc, Filip"]
[Black "Liduch, Filip"]
[Result "0-1"]
[WhiteElo "1676"]
[BlackElo "1856"]
[PlyCount "118"]
[EventDate "2013.11.17"]

1. Nc3 d5 2. e4 dxe4 3. Nxe4 Nf6 4. Nxf6+ exf6 5. d4 Bd6 6. Nf3 O-O 7. Be2 Nc6
8. O-O Re8 9. b3 Bg4 10. Bb2 a5 11. h3 Bh5 12. Bb5 Re4 13. Bxc6 bxc6 14. Qd3
Bg6 15. Qc3 Re2 16. Rac1 Qd7 17. a3 Bf4 18. Rfe1 Rae8 19. Rxe2 Rxe2 20. Re1 Bd2
21. Rxe2 Bxc3 22. Bxc3 a4 23. Bb4 h6 24. bxa4 c5 25. Bxc5 Qxa4 26. Ne1 Qc4 27.
Rd2 Kh7 28. Bb4 Be4 29. f3 Bf5 30. Kf2 g5 31. g4 Bg6 32. Ng2 Qe6 33. Ne3 h5 34.
d5 Qe5 35. d6 Qh2+ 36. Ng2 cxd6 37. Bxd6 Qxh3 38. gxh5 Bxh5 39. Bg3 Qf5 40. Rd3
Qc5+ 41. Ne3 Bg6 42. Bd6 Qc6 43. Rd2 Qc3 44. Bb4 Qc7 45. Kg2 Qc8 46. c4 Qe6 47.
Bc5 Kg7 48. Bd4 Qc6 49. Ng4 Bh5 50. Nxf6 Qxf3+ 51. Kg1 Qg3+ 52. Rg2 Qe1+ 53.
Kh2 Qh4+ 54. Kg1 Qxd4+ 55. Rf2 Qxf6 56. Rxf6 Kxf6 57. Kg2 Ke5 58. a4 Bg4 59.
Kg3 Bc8 0-1

[Event "Polofinale MCR junioru 2013"]
[Site "Havlickuv Brod - hotel Slunce"]
[Date "2013.11.18"]
[Round "2.25"]
[White "Stancik, Jakub"]
[Black "Kriz, Vojtech"]
[Result "1-0"]
[WhiteElo "1849"]
[BlackElo "1546"]
[PlyCount "107"]
[EventDate "2013.11.17"]

1. e4 c5 2. Nf3 d6 3. d4 cxd4 4. Nxd4 Nf6 5. Nc3 g6 6. Be3 Bg7 7. f3 O-O 8. Qd2
Nc6 9. Bc4 Bd7 10. O-O-O Rc8 11. Bb3 Ne5 12. h4 h5 13. Kb1 Nc4 14. Bxc4 Rxc4
15. Nde2 Qa5 16. Nd5 Qxd2 17. Nxe7+ Kh7 18. Rxd2 Re8 19. Nd5 Nxd5 20. Rxd5 Bc6
21. Rd3 d5 22. exd5 Bxd5 23. Nc3 Bxc3 24. bxc3 a6 25. Kb2 Rcc8 26. Rxd5 Rxe3
27. Rd3 Re2 28. Rd7 Kg7 29. Rxb7 Rxg2 30. Rd1 Rg3 31. Rd3 Rh3 32. Rb4 Rc6 33.
Rf4 Rf6 34. Rxf6 Kxf6 35. c4 Rxh4 36. Kb3 Rh1 37. c5 Rb1+ 38. Kc4 Rb8 39. c6 h4
40. Kc5 h3 41. c7 Rc8 42. Kc6 h2 43. Rd1 Rh8 44. Kd7 Kg5 45. c8=Q Rxc8 46. Kxc8
Kf4 47. c4 Kxf3 48. c5 g5 49. c6 g4 50. c7 g3 51. Kd8 g2 52. c8=Q g1=Q 53. Qf5+
Ke2 54. Qd3+ 1-0

[Event "Polofinale MCR junioru 2013"]
[Site "Havlickuv Brod - hotel Slunce"]
[Date "2013.11.18"]
[Round "2.26"]
[White "Broz, Petr"]
[Black "Navratil, Marek"]
[Result "0-1"]
[WhiteElo "1504"]
[BlackElo "1843"]
[PlyCount "40"]
[EventDate "2013.11.17"]

1. e4 e5 2. Nf3 Nc6 3. Bc4 Nf6 4. d4 exd4 5. e5 d5 6. Bb5 Ne4 7. Nxd4 Bd7 8.
Bxc6 bxc6 9. O-O Bc5 10. Be3 Qe7 11. f3 Ng5 12. f4 Ne4 13. Nd2 Nxd2 14. Qxd2
O-O 15. Qf2 Bb6 16. Nb3 f6 17. Nc5 fxe5 18. Nxd7 Qxd7 19. Qg3 d4 20. Rad1 dxe3
0-1

[Event "Polofinale MCR junioru 2013"]
[Site "Havlickuv Brod - hotel Slunce"]
[Date "2013.11.18"]
[Round "2.27"]
[White "Havelka, Jan"]
[Black "Ocko, Dominik"]
[Result "1-0"]
[WhiteElo "1835"]
[BlackElo "1493"]
[PlyCount "75"]
[EventDate "2013.11.17"]

1. e4 c5 2. Nc3 e6 3. f4 d5 4. Nf3 Nc6 5. Bb5 Bd7 6. exd5 exd5 7. Nxd5 Bd6 8.
O-O Nge7 9. Nxe7 Nxe7 10. Bxd7+ Qxd7 11. d3 O-O 12. g3 Rfe8 13. Kg2 Nf5 14. Re1
Qc6 15. Rxe8+ Rxe8 16. c3 Qd5 17. Kf2 c4 18. d4 Qe4 19. Bd2 Ne3 20. Qe1 Ng4+
21. Kg2 Qe2+ 22. Kg1 Re7 23. Qxe2 Rxe2 24. Re1 Rf2 25. Rf1 Re2 26. Re1 Rf2 27.
Re8+ Bf8 28. h3 Rxf3 29. hxg4 Rxg3+ 30. Kf2 Rxg4 31. b3 cxb3 32. axb3 Rg6 33.
d5 Ra6 34. c4 Ra2 35. Ke1 h5 36. d6 Ra6 37. d7 Rd6 38. d8=Q 1-0

[Event "Polofinale MCR junioru 2013"]
[Site "Havlickuv Brod - hotel Slunce"]
[Date "2013.11.18"]
[Round "2.28"]
[White "Stula, Petr"]
[Black "Kopriva, Martin"]
[Result "0-1"]
[WhiteElo "1426"]
[BlackElo "1832"]
[PlyCount "46"]
[EventDate "2013.11.17"]

1. e4 c5 2. c3 d5 3. exd5 Qxd5 4. Nf3 Bg4 5. Be2 Nc6 6. O-O Rd8 7. Re1 Nf6 8.
Na3 a6 9. Nc2 Qd7 10. d4 e6 11. Be3 Qc7 12. Qc1 cxd4 13. Nfxd4 Bd6 14. h3 Bxe2
15. Rxe2 Nd5 16. Nxc6 Qxc6 17. Nd4 Qc7 18. Nf5 Be5 19. Nh4 Qc4 20. Bb6 Nxb6 21.
Rxe5 Qxh4 22. Qe3 Qf6 23. Re1 Nc4 0-1

[Event "Polofinale MCR junioru 2013"]
[Site "Havlickuv Brod - hotel Slunce"]
[Date "2013.11.19"]
[Round "3.1"]
[White "Szotkowski, Jakub"]
[Black "Petr, Jan"]
[Result "0-1"]
[WhiteElo "2183"]
[BlackElo "2112"]
[PlyCount "60"]
[EventDate "2013.11.17"]

1. Nf3 d5 2. c4 c6 3. d4 Nf6 4. Nc3 e6 5. e3 Nbd7 6. Be2 dxc4 7. Bxc4 b5 8. Bd3
Bd6 9. O-O O-O 10. e4 e5 11. Bg5 Bb7 12. Kh1 h6 13. Bh4 g5 14. Bg3 Qe7 15. h4
g4 16. Nxe5 Bxe5 17. dxe5 Nxe5 18. Bxe5 Qxe5 19. f4 Qh5 20. g3 c5 21. Kh2 Rad8
22. Qe2 c4 23. Bc2 b4 24. Nd1 c3 25. bxc3 bxc3 26. Bd3 Bxe4 27. Nf2 Bxd3 28.
Nxd3 Rfe8 29. Qc2 Qf5 30. Rad1 Rc8 0-1

[Event "Polofinale MCR junioru 2013"]
[Site "Havlickuv Brod - hotel Slunce"]
[Date "2013.11.19"]
[Round "3.2"]
[White "Rubes, Jan"]
[Black "Vykouk, Jan"]
[Result "0-1"]
[WhiteElo "2142"]
[BlackElo "2090"]
[PlyCount "98"]
[EventDate "2013.11.17"]

1. d4 Nf6 2. Nc3 e6 3. e4 d5 4. Bg5 Be7 5. e5 Nfd7 6. h4 Bxg5 7. hxg5 Qxg5 8.
Nf3 Qe7 9. Bd3 a6 10. Qd2 c5 11. dxc5 Nc6 12. O-O-O Nxc5 13. Rh3 Nxd3+ 14. Qxd3
Nb4 15. Qd4 Nc6 16. Qg4 f5 17. Qg3 h6 18. Na4 b5 19. Nb6 Rb8 20. Nxd5 exd5 21.
Qg6+ Kd7 22. Rxd5+ Kc7 23. Nd4 Rb6 24. Rc3 Qg5+ 25. Qxg5 hxg5 26. Rdc5 Rh6 27.
e6 Rxe6 28. Nxe6+ Bxe6 29. Re5 Kd6 30. Re1 Ne7 31. Rce3 Kd7 32. Rh3 Bd5 33. Rh5
g4 34. Rh7 Bxg2 35. Rxg7 Re6 36. Rxe6 Kxe6 37. Rf7 Nc6 38. c3 Ke5 39. Kd2 Kf4
40. Ke2 Bf3+ 41. Kf1 Bd5 42. b3 Kf3 43. Rd7 Be4 44. c4 bxc4 45. bxc4 Ne5 46.
Ra7 Bd3+ 47. Kg1 Bxc4 48. a4 Ng6 49. Rc7 Bd3 0-1